Poesia argentina contemporanea, i, parte segunda /

Guardado en:
Formato: Libro
Publicado: Buenos Aires : Fundacion Argentina Para La Poesia, 1978
Materias:
Etiquetas: Agregar Etiqueta
Sin Etiquetas, Sea el primero en etiquetar este registro!
LEADER 00601nam a22001935a 4500
001 EHU.bham024586
003 AR-BHAM
005 20130507152501.0
008 130507s1978##################000#0#####d
082 A 8 |a 861.4 
245 0 0 |a Poesia argentina contemporanea, i, parte segunda / 
260 |a Buenos Aires :  |b Fundacion Argentina Para La Poesia,  |c 1978 
300 |a 743 p. 
653 |a Donacion lejarraga 
653 |a Poesia argentina 
653 |a Poesia argentina-1911- 
653 |a Poesia argentina-1945- 
653 |a Poesia 
859 |a AR-BHAM  |b BIB. HUMANIDADES - General  |h A861.4  |i P752-1  |k A  |p 361.02  |t Ej.1  |v I-II